000 00171nam a22000857a 4500
082 _a621.3DAV
100 _aDavidon George
245 _aElectricity in the house
942 _cBK
999 _c15200
_d15200